[Event "DVM U20 2019"]
[Site "Braunschweig GER"]
[Date "2019.12.28"]
[Round "3"]
[White "Jurga, Jonas Vincent"]
[Black "Gallas, Noel"]
[Result "1/2-1/2"]
[Termination "normal"]
[Board "5.4"]
[WhiteElo "1896"]
[BlackElo "1785"]
[WhiteClock "00:38:27"]
[BlackClock "00:03:15"]
[WhiteTeam "OSG Baden-Baden"]
[BlackTeam "SF Katernberg"]
[PlyCount "60"]
[WhiteFideId "12968013"]
[BlackFideId "16216059"]
[EventCountry "GER"]
[EventRounds "7"]
[EventType "team-swiss"]
[EventDate "2019.12.26"]

1. Nf3 {[%clk 1:30:07]} e6 {[%clk 1:29:50]} 2. g3 {[%clk 1:30:30]} d5 {[%clk
1:29:01]} 3. Bg2 {[%clk 1:30:54]} Nf6 {[%clk 1:29:00]} 4. O-O {[%clk 1:31:17]}
Be7 {[%clk 1:28:52]} 5. d3 {[%clk 1:31:38]} O-O {[%clk 1:28:00]} 6. Qe1 {[%clk
1:32:00]} c5 {[%clk 1:24:51]} 7. e4 {[%clk 1:32:23]} Nc6 {[%clk 1:23:51]} 8. e5
{[%clk 1:32:44]} Nd7 {[%clk 1:21:16]} 9. c4 {[%clk 1:33:06]} Nb4 {[%clk
1:02:51]} 10. Qe2 {[%clk 1:32:43]} b6 {[%clk 0:58:38]} 11. Nc3 {[%clk 1:30:03]}
Bb7 {[%clk 0:42:32]} 12. a3 {[%clk 1:28:38]} Na6 13. h4 {[%clk 1:26:30]} Nc7
{[%clk 0:38:39]} 14. Bf4 {[%clk 1:19:57]} Re8 15. Rfe1 {[%clk 1:03:47]} f6
{[%clk 0:26:42]} 16. exf6 {[%clk 1:03:56]} Bxf6 {[%clk 0:26:16]} 17. Bxc7
{[%clk 1:03:46]} Qxc7 {[%clk 0:26:04]} 18. cxd5 {[%clk 1:03:59]} Bxc3 {[%clk
0:22:34]} 19. bxc3 {[%clk 1:03:35]} Bxd5 {[%clk 0:22:50]} 20. Ng5 {[%clk
1:03:10]} Bxg2 {[%clk 0:15:08]} 21. Kxg2 {[%clk 0:59:15]} Qc6+ {[%clk 0:12:56]}
22. Kg1 {[%clk 0:58:26]} h6 {[%clk 0:11:52]} 23. Ne4 {[%clk 0:56:26]} Rad8
{[%clk 0:11:09]} 24. f4 {[%clk 0:54:38]} Qd5 {[%clk 0:06:57]} 25. Rad1 {[%clk
0:51:00]} Nf8 {[%clk 0:05:39]} 26. Qg4 {[%clk 0:49:29]} Qf5 {[%clk 0:05:13]}
27. Nf2 {[%clk 0:41:02]} Qf6 {[%clk 0:01:59]} 28. Ne4 {[%clk 0:40:07]} Qf5
{[%clk 0:02:29]} 29. Nf2 {[%clk 0:39:02]} Qf6 {[%clk 0:02:51]} 30. Ne4 {[%clk
0:38:27]} Qf5 {[%clk 0:03:15]} 1/2-1/2

[Event "DVM U20 2019"]
[Site "Braunschweig GER"]
[Date "2019.12.28"]
[Round "3"]
[White "Wendler, David"]
[Black "Joeres, Stefan"]
[Result "0-1"]
[Termination "normal"]
[Board "6.1"]
[WhiteElo "2204"]
[BlackElo "2201"]
[WhiteClock "01:12:42"]
[BlackClock "01:30:02"]
[WhiteTeam "SK Bebenhausen 1992"]
[BlackTeam "Karlsruher SF"]
[PlyCount "46"]
[WhiteFideId "12938360"]
[BlackFideId "12983160"]
[EventCountry "GER"]
[EventRounds "7"]
[EventType "team-swiss"]
[EventDate "2019.12.26"]

1. e4 {[%clk 1:30:54]} c5 {[%clk 1:30:57]} 2. Nf3 {[%clk 1:31:05]} e6 {[%clk
1:30:36]} 3. d4 {[%clk 1:27:19]} cxd4 {[%clk 1:30:52]} 4. Nxd4 {[%clk 1:26:33]}
Nc6 {[%clk 1:31:20]} 5. Nc3 {[%clk 1:26:23]} Qc7 {[%clk 1:31:49]} 6. g3 {[%clk
1:26:22]} a6 {[%clk 1:32:10]} 7. Bg2 {[%clk 1:26:34]} Nge7 {[%clk 1:32:39]} 8.
O-O {[%clk 1:24:14]} Nxd4 {[%clk 1:32:25]} 9. Qxd4 {[%clk 1:24:23]} Nc6 {[%clk
1:32:53]} 10. Bf4 {[%clk 1:18:21]} Qxf4 {[%clk 1:33:00]} 11. Qd3 {[%clk
1:14:46]} Qc7 {[%clk 1:33:11]} 12. Rfe1 {[%clk 1:15:05]} Bc5 {[%clk 1:33:08]}
13. Nd5 {[%clk 1:15:16]} exd5 {[%clk 1:32:42]} 14. exd5+ {[%clk 1:15:39]} Ne5
{[%clk 1:33:05]} 15. d6 {[%clk 1:15:15]} Qxd6 {[%clk 1:32:30]} 16. Qxd6 {[%clk
1:13:25]} Bxd6 {[%clk 1:32:59]} 17. Rad1 {[%clk 1:13:42]} Bc7 {[%clk 1:29:43]}
18. f4 {[%clk 1:13:14]} d6 {[%clk 1:28:52]} 19. fxe5 {[%clk 1:12:59]} dxe5
{[%clk 1:29:12]} 20. Bd5 {[%clk 1:12:51]} Ke7 {[%clk 1:29:09]} 21. b3 {[%clk
1:12:53]} Rb8 {[%clk 1:29:20]} 22. c4 {[%clk 1:13:05]} Rd8 {[%clk 1:29:40]} 23.
b4 {[%clk 1:12:42]} Be6 {[%clk 1:30:02]} 0-1

[Event "DVM U20 2019"]
[Site "Braunschweig GER"]
[Date "2019.12.28"]
[Round "3"]
[White "Koll, Lukas"]
[Black "Waffenschmidt, Lars"]
[Result "1/2-1/2"]
[Termination "normal"]
[Board "6.2"]
[WhiteElo "2093"]
[BlackElo "1885"]
[WhiteClock "01:00:08"]
[BlackClock "00:00:48"]
[WhiteTeam "Karlsruher SF"]
[BlackTeam "SK Bebenhausen 1992"]
[PlyCount "75"]
[WhiteFideId "12969737"]
[BlackFideId "16244656"]
[EventCountry "GER"]
[EventRounds "7"]
[EventType "team-swiss"]
[EventDate "2019.12.26"]

1. Nf3 {[%clk 1:30:57]} d5 {[%clk 1:30:04]} 2. g3 {[%clk 1:31:25]} Nf6 {[%clk
1:30:14]} 3. Bg2 {[%clk 1:31:52]} g6 {[%clk 1:30:29]} 4. d4 {[%clk 1:30:41]}
Bg7 {[%clk 1:30:37]} 5. c4 {[%clk 1:30:02]} c6 {[%clk 1:21:27]} 6. O-O {[%clk
1:28:50]} O-O {[%clk 1:21:33]} 7. b3 {[%clk 1:28:09]} Bf5 {[%clk 1:18:58]} 8.
Bb2 {[%clk 1:27:33]} Nbd7 {[%clk 1:14:40]} 9. Nbd2 {[%clk 1:25:21]} Rc8 {[%clk
1:12:00]} 10. Rc1 {[%clk 1:23:16]} Ne4 {[%clk 0:41:40]} 11. Nh4 {[%clk
1:20:50]} Nxd2 {[%clk 0:41:01]} 12. Qxd2 {[%clk 1:20:31]} Be6 {[%clk 0:40:47]}
13. cxd5 {[%clk 1:10:36]} cxd5 {[%clk 0:38:50]} 14. Qb4 {[%clk 1:10:42]} Qb6
{[%clk 0:31:11]} 15. Qxb6 {[%clk 1:11:04]} Nxb6 {[%clk 0:31:24]} 16. Nf3 {[%clk
1:10:41]} Bf6 {[%clk 0:28:34]} 17. Ne5 {[%clk 1:10:07]} Bxe5 {[%clk 0:16:20]}
18. dxe5 {[%clk 1:10:20]} Rfd8 {[%clk 0:16:13]} 19. Bd4 {[%clk 1:10:10]} Kf8
{[%clk 0:15:15]} 20. Rfd1 {[%clk 1:10:01]} Rxc1 {[%clk 0:05:02]} 21. Rxc1
{[%clk 1:09:55]} Rc8 {[%clk 0:04:57]} 22. Rxc8+ {[%clk 1:09:37]} Nxc8 {[%clk
0:05:18]} 23. Kf1 {[%clk 1:09:54]} Ke8 {[%clk 0:05:01]} 24. Ke1 {[%clk
1:10:12]} Kd7 {[%clk 0:05:01]} 25. Kd2 {[%clk 1:10:27]} Kc6 {[%clk 0:04:23]}
26. b4 {[%clk 1:09:07]} Nb6 {[%clk 0:02:55]} 27. Bxb6 {[%clk 1:06:16]} Kxb6
{[%clk 0:02:59]} 28. a3 {[%clk 1:06:42]} Kb5 {[%clk 0:02:21]} 29. Kc3 {[%clk
1:06:42]} Ka4 {[%clk 0:01:20]} 30. Kb2 {[%clk 1:06:56]} a5 31. bxa5 {[%clk
1:05:30]} Kxa5 {[%clk 0:01:07]} 32. e3 {[%clk 1:01:23]} Kb5 {[%clk 0:00:37]}
33. Bf3 {[%clk 1:01:41]} Kc5 {[%clk 0:00:41]} 34. Kc3 {[%clk 1:01:14]} Bd7
{[%clk 0:00:39]} 35. Bd1 {[%clk 1:00:42]} b6 36. g4 {[%clk 1:00:42]} g5 {[%clk
0:00:33]} 37. f3 {[%clk 1:00:08]} h6 {[%clk 0:00:48]} 38. Bc2 1/2-1/2

[Event "DVM U20 2019"]
[Site "Braunschweig GER"]
[Date "2019.12.28"]
[Round "3"]
[White "Freiherr von Hauff, Christopher"]
[Black "Brunner, Wilken"]
[Result "1-0"]
[Termination "normal"]
[Board "6.3"]
[WhiteElo "1868"]
[BlackElo "1978"]
[WhiteClock "00:15:26"]
[BlackClock "00:09:16"]
[WhiteTeam "SK Bebenhausen 1992"]
[BlackTeam "Karlsruher SF"]
[PlyCount "75"]
[WhiteFideId "16200691"]
[BlackFideId "12928771"]
[EventCountry "GER"]
[EventRounds "7"]
[EventType "team-swiss"]
[EventDate "2019.12.26"]

1. e4 {[%clk 1:30:57]} e5 {[%clk 1:30:43]} 2. Nf3 {[%clk 1:31:18]} Nc6 {[%clk
1:31:05]} 3. Bc4 {[%clk 1:31:29]} Nf6 {[%clk 1:31:27]} 4. Ng5 {[%clk 1:31:25]}
d5 {[%clk 1:31:43]} 5. exd5 {[%clk 1:31:46]} Na5 {[%clk 1:32:06]} 6. d3 {[%clk
1:31:51]} Nxc4 {[%clk 1:27:54]} 7. dxc4 {[%clk 1:32:16]} h6 {[%clk 1:28:21]} 8.
Nf3 {[%clk 1:31:00]} Bd6 {[%clk 1:27:03]} 9. Nc3 {[%clk 1:15:02]} e4 {[%clk
1:25:39]} 10. Qe2 {[%clk 1:14:25]} O-O {[%clk 1:25:39]} 11. Nd4 {[%clk
1:13:25]} c5 {[%clk 1:19:25]} 12. Nb3 {[%clk 1:10:16]} Bg4 {[%clk 1:10:43]} 13.
Qf1 {[%clk 1:10:00]} Qe7 {[%clk 1:04:43]} 14. Be3 {[%clk 1:09:08]} Rac8 {[%clk
1:02:55]} 15. h3 {[%clk 1:08:53]} Bd7 {[%clk 1:01:48]} 16. O-O-O {[%clk
1:08:28]} Nh5 {[%clk 1:01:30]} 17. g4 {[%clk 0:52:20]} Nf4 {[%clk 1:01:01]} 18.
Ne2 {[%clk 0:52:38]} Qf6 19. Ng3 {[%clk 0:50:36]} Rfe8 {[%clk 0:59:01]} 20. Nd2
{[%clk 0:50:11]} Qg6 {[%clk 0:49:47]} 21. Kb1 {[%clk 0:47:59]} a6 {[%clk
0:44:25]} 22. Re1 {[%clk 0:43:18]} f5 {[%clk 0:41:51]} 23. gxf5 {[%clk
0:41:28]} Bxf5 {[%clk 0:42:12]} 24. Nxf5 {[%clk 0:40:04]} Qxf5 {[%clk 0:41:55]}
25. Nb3 {[%clk 0:38:05]} Qf6 {[%clk 0:32:49]} 26. Rg1 {[%clk 0:34:23]} Rc7
{[%clk 0:23:06]} 27. Bd2 {[%clk 0:27:40]} Qf5 {[%clk 0:20:27]} 28. Bxf4 {[%clk
0:26:54]} Bxf4 {[%clk 0:19:35]} 29. Qg2 {[%clk 0:27:02]} Qe5 {[%clk 0:16:43]}
30. Nxc5 {[%clk 0:22:02]} Qd4 {[%clk 0:10:50]} 31. Ne6 {[%clk 0:18:59]} Rxe6
{[%clk 0:11:12]} 32. dxe6 {[%clk 0:19:22]} Be5 {[%clk 0:11:37]} 33. c3 {[%clk
0:18:12]} Qd3+ {[%clk 0:12:00]} 34. Ka1 {[%clk 0:16:00]} Bxc3 {[%clk 0:11:53]}
35. Rd1 {[%clk 0:14:42]} Bxb2+ {[%clk 0:08:29]} 36. Kxb2 {[%clk 0:15:05]} Qxc4
{[%clk 0:08:52]} 37. Rd8+ {[%clk 0:15:26]} Kh7 {[%clk 0:09:16]} 38. Qg6# 1-0

[Event "DVM U20 2019"]
[Site "Braunschweig GER"]
[Date "2019.12.28"]
[Round "3"]
[White "Rösler, Hannah Clara Hed"]
[Black "Wegmer, Leon"]
[Result "0-1"]
[Termination "normal"]
[Board "6.5"]
[WhiteElo "1695"]
[BlackElo "1939"]
[WhiteClock "00:25:13"]
[BlackClock "01:30:08"]
[WhiteTeam "SK Bebenhausen 1992"]
[BlackTeam "Karlsruher SF"]
[PlyCount "130"]
[WhiteFideId "12983500"]
[BlackFideId "12983748"]
[EventCountry "GER"]
[EventRounds "7"]
[EventType "team-swiss"]
[EventDate "2019.12.26"]

1. e4 {[%clk 1:30:51]} e5 {[%clk 1:30:55]} 2. Nf3 {[%clk 1:31:06]} Nc6 {[%clk
1:31:20]} 3. Bc4 {[%clk 1:31:07]} Bc5 {[%clk 1:31:48]} 4. b4 {[%clk 1:30:57]}
Bxb4 {[%clk 1:32:08]} 5. c3 {[%clk 1:31:24]} Ba5 {[%clk 1:32:29]} 6. d4 {[%clk
1:31:51]} d6 {[%clk 1:32:54]} 7. Qb3 {[%clk 1:31:40]} Qd7 {[%clk 1:33:20]} 8.
dxe5 {[%clk 1:23:21]} Bb6 {[%clk 1:26:42]} 9. exd6 {[%clk 1:13:08]} Na5 {[%clk
1:22:43]} 10. Qb5 {[%clk 1:09:11]} Nxc4 {[%clk 1:21:02]} 11. Qxc4 {[%clk
1:09:28]} Qxd6 {[%clk 1:20:44]} 12. Ba3 {[%clk 1:04:00]} Be6 {[%clk 1:18:02]}
13. Qb5+ {[%clk 0:53:40]} Qd7 {[%clk 1:18:28]} 14. c4 {[%clk 0:50:23]} c6
{[%clk 1:17:25]} 15. Qb2 {[%clk 0:48:49]} O-O-O {[%clk 1:17:20]} 16. Nbd2
{[%clk 0:48:04]} Nf6 {[%clk 1:05:30]} 17. O-O {[%clk 0:42:31]} Bd4 {[%clk
1:05:19]} 18. Nxd4 {[%clk 0:40:55]} Qxd4 {[%clk 1:05:41]} 19. Rab1 {[%clk
0:39:52]} Qxb2 {[%clk 1:04:12]} 20. Rxb2 {[%clk 0:40:18]} Rd3 {[%clk 1:02:09]}
21. e5 {[%clk 0:37:19]} Rxa3 {[%clk 0:59:29]} 22. exf6 {[%clk 0:37:24]} gxf6
{[%clk 0:59:58]} 23. Ne4 {[%clk 0:33:43]} Rd8 {[%clk 0:58:17]} 24. c5 {[%clk
0:32:06]} Rxa2 {[%clk 0:58:30]} 25. Nd6+ {[%clk 0:29:10]} Rxd6 {[%clk 0:58:46]}
26. Rxa2 {[%clk 0:29:32]} Bxa2 {[%clk 0:59:15]} 27. cxd6 {[%clk 0:29:40]} Bd5
{[%clk 0:59:22]} 28. Re1 {[%clk 0:28:51]} Be6 {[%clk 0:59:12]} 29. Rb1 {[%clk
0:24:49]} a5 {[%clk 0:58:55]} 30. Ra1 {[%clk 0:23:16]} b6 {[%clk 0:59:18]} 31.
Kf1 {[%clk 0:23:06]} Kd7 {[%clk 0:59:33]} 32. Ke2 {[%clk 0:22:11]} Kxd6 {[%clk
0:59:43]} 33. Kd3 {[%clk 0:21:02]} Bb3 {[%clk 0:59:27]} 34. Re1 {[%clk
0:20:30]} a4 {[%clk 0:58:46]} 35. Kc3 {[%clk 0:18:13]} c5 {[%clk 0:58:31]} 36.
Re8 {[%clk 0:17:36]} b5 {[%clk 0:58:48]} 37. Ra8 {[%clk 0:11:57]} b4+ {[%clk
0:59:08]} 38. Kb2 {[%clk 0:09:37]} c4 {[%clk 0:59:25]} 39. Ra5 {[%clk 0:07:10]}
a3+ {[%clk 0:58:39]} 40. Kc1 {[%clk 0:07:27]} c3 {[%clk 0:58:30]} 41. f3 {[%clk
0:28:39]} Bc4 {[%clk 1:27:57]} 42. Kc2 {[%clk 0:26:41]} b3+ {[%clk 1:27:48]}
43. Kxc3 {[%clk 0:26:28]} b2 {[%clk 1:28:16]} 44. Rxa3 {[%clk 0:25:51]} b1=Q
{[%clk 1:28:14]} 45. Kxc4 {[%clk 0:26:10]} Qc2+ {[%clk 1:28:26]} 46. Kb4 {[%clk
0:24:48]} Kd5 {[%clk 1:28:06]} 47. Ra5+ {[%clk 0:23:53]} Kd4 {[%clk 1:28:23]}
48. Rh5 {[%clk 0:23:35]} Qb2+ {[%clk 1:28:15]} 49. Ka5 {[%clk 0:23:36]} Qxg2
{[%clk 1:27:25]} 50. Rxh7 {[%clk 0:22:23]} Qa2+ {[%clk 1:27:51]} 51. Kb6 {[%clk
0:22:21]} Qb1+ {[%clk 1:28:18]} 52. Kc6 {[%clk 0:22:14]} Qxh7 {[%clk 1:28:42]}
53. h4 {[%clk 0:22:40]} Qc2+ {[%clk 1:29:02]} 54. Kd6 {[%clk 0:23:02]} Qc5+
{[%clk 1:28:48]} 55. Kd7 {[%clk 0:23:25]} Kd5 {[%clk 1:29:11]} 56. Ke8 {[%clk
0:23:45]} Ke6 {[%clk 1:29:29]} 57. Kd8 {[%clk 0:23:56]} Kd6 {[%clk 1:29:55]}
58. Ke8 {[%clk 0:24:11]} Qh5 {[%clk 1:29:38]} 59. f4 {[%clk 0:23:58]} Qh8+
{[%clk 1:30:03]} 60. Kxf7 {[%clk 0:24:14]} Qh6 {[%clk 1:29:21]} 61. f5 {[%clk
0:24:24]} Ke5 {[%clk 1:29:26]} 62. h5 {[%clk 0:24:40]} Qh7+ {[%clk 1:29:55]}
63. Kf8 {[%clk 0:24:27]} Kxf5 {[%clk 1:29:49]} 64. h6 {[%clk 0:24:47]} Ke6
{[%clk 1:30:08]} 65. Ke8 {[%clk 0:25:13]} Qg8# 0-1

[Event "DVM U20 2019"]
[Site "Braunschweig GER"]
[Date "2019.12.28"]
[Round "3"]
[White "Rauch, Sören"]
[Black "Keller, Yannik"]
[Result "0-1"]
[Termination "normal"]
[Board "7.2"]
[WhiteElo "1901"]
[BlackElo "2020"]
[WhiteClock "00:36:20"]
[BlackClock "00:13:25"]
[WhiteTeam "SG Trier"]
[BlackTeam "Sges Bensheim 1931"]
[PlyCount "94"]
[WhiteFideId "12973289"]
[BlackFideId "12970204"]
[EventCountry "GER"]
[EventRounds "7"]
[EventType "team-swiss"]
[EventDate "2019.12.26"]

1. d4 {[%clk 1:30:57]} Nf6 {[%clk 1:30:53]} 2. Nf3 {[%clk 1:31:23]} d6 {[%clk
1:31:17]} 3. Bf4 {[%clk 1:31:29]} Nbd7 {[%clk 1:31:37]} 4. e3 {[%clk 1:31:21]}
Nh5 {[%clk 1:31:47]} 5. Bg3 {[%clk 1:28:04]} Nxg3 {[%clk 1:31:26]} 6. hxg3
{[%clk 1:28:27]} g6 {[%clk 1:27:37]} 7. Bc4 {[%clk 1:25:43]} e6 {[%clk
1:24:04]} 8. c3 {[%clk 1:24:05]} Bg7 {[%clk 1:19:46]} 9. Nbd2 {[%clk 1:24:00]}
a6 {[%clk 1:14:16]} 10. a4 {[%clk 1:23:16]} b6 {[%clk 1:14:24]} 11. Qc2 {[%clk
1:16:31]} Bb7 {[%clk 1:12:29]} 12. O-O {[%clk 1:14:29]} O-O {[%clk 1:11:19]}
13. Rfe1 {[%clk 1:12:31]} Qe7 {[%clk 1:06:08]} 14. Bf1 {[%clk 1:05:43]} e5
{[%clk 1:02:46]} 15. dxe5 {[%clk 1:04:10]} dxe5 {[%clk 1:01:46]} 16. Rad1
{[%clk 0:59:47]} e4 {[%clk 0:57:00]} 17. Nd4 {[%clk 0:57:19]} c5 {[%clk
0:51:06]} 18. N4b3 {[%clk 0:54:04]} Rfd8 {[%clk 0:44:01]} 19. Nc4 {[%clk
0:51:44]} Bc6 {[%clk 0:40:25]} 20. Nbd2 {[%clk 0:45:13]} Rab8 {[%clk 0:34:24]}
21. Na3 {[%clk 0:39:35]} b5 {[%clk 0:30:40]} 22. axb5 {[%clk 0:39:13]} axb5
{[%clk 0:31:03]} 23. c4 {[%clk 0:39:03]} b4 {[%clk 0:29:52]} 24. Nb5 {[%clk
0:39:22]} f5 {[%clk 0:28:06]} 25. Nb3 {[%clk 0:34:29]} Ne5 {[%clk 0:26:47]} 26.
Na5 {[%clk 0:25:24]} Be8 {[%clk 0:26:37]} 27. Rxd8 Rxd8 {[%clk 0:25:48]} 28.
Rd1 {[%clk 0:15:53]} h5 {[%clk 0:22:18]} 29. Rd5 {[%clk 0:14:15]} Bxb5 {[%clk
0:18:03]} 30. Rxe5 Qxe5 {[%clk 0:16:56]} 31. cxb5 {[%clk 0:14:41]} Qxb2 {[%clk
0:16:28]} 32. Qxc5 {[%clk 0:14:55]} Kh7 {[%clk 0:12:09]} 33. b6 {[%clk
0:14:30]} Qc3 {[%clk 0:11:41]} 34. Qb5 {[%clk 0:12:11]} Qe5 {[%clk 0:06:45]}
35. Qxb4 {[%clk 0:11:01]} Qd6 {[%clk 0:06:31]} 36. Qb5 {[%clk 0:10:25]} Rb8
{[%clk 0:05:16]} 37. b7 {[%clk 0:10:33]} Qc7 {[%clk 0:04:54]} 38. Bc4 {[%clk
0:09:19]} Bc3 {[%clk 0:05:02]} 39. Nc6 {[%clk 0:09:41]} Rxb7 {[%clk 0:04:59]}
40. Qd5 {[%clk 0:10:04]} Qg7 {[%clk 0:01:39]} 41. Qe6 {[%clk 0:09:37]} Rb1+
{[%clk 0:22:23]} 42. Kh2 {[%clk 0:39:54]} Be1 {[%clk 0:21:18]} 43. f3 {[%clk
0:38:21]} exf3 {[%clk 0:20:44]} 44. gxf3 {[%clk 0:38:45]} h4 {[%clk 0:18:30]}
45. gxh4 {[%clk 0:36:38]} Bxh4 {[%clk 0:18:38]} 46. Ne5 {[%clk 0:36:25]} Bg5
{[%clk 0:13:07]} 47. Nf7 {[%clk 0:36:20]} Qb2+ {[%clk 0:13:25]} *

[Event "DVM U20 2019"]
[Site "Braunschweig GER"]
[Date "2019.12.28"]
[Round "3"]
[White "Hennemann, Florian"]
[Black "Düro, Liam"]
[Result "0-1"]
[Termination "normal"]
[Board "7.3"]
[WhiteElo "1865"]
[BlackElo "1841"]
[WhiteClock "00:04:13"]
[BlackClock "00:37:04"]
[WhiteTeam "Sges Bensheim 1931"]
[BlackTeam "SG Trier"]
[PlyCount "100"]
[WhiteFideId "16272692"]
[BlackFideId "16262484"]
[EventCountry "GER"]
[EventRounds "7"]
[EventType "team-swiss"]
[EventDate "2019.12.26"]

1. e4 {[%clk 1:30:58]} c6 {[%clk 1:30:54]} 2. d4 {[%clk 1:31:24]} d5 {[%clk
1:31:21]} 3. Nc3 {[%clk 1:31:49]} dxe4 {[%clk 1:31:47]} 4. Nxe4 {[%clk
1:32:14]} Bf5 {[%clk 1:32:16]} 5. Ng3 {[%clk 1:32:38]} Bg6 {[%clk 1:32:36]} 6.
Be3 {[%clk 1:31:38]} e6 {[%clk 1:31:15]} 7. Nf3 {[%clk 1:31:05]} Nf6 {[%clk
1:31:08]} 8. Bd3 {[%clk 1:28:04]} Bxd3 {[%clk 1:31:29]} 9. Qxd3 {[%clk
1:28:30]} Nbd7 {[%clk 1:31:10]} 10. O-O-O {[%clk 1:23:49]} Qa5 {[%clk 1:30:48]}
11. Kb1 {[%clk 1:20:12]} h6 {[%clk 1:28:47]} 12. Rhe1 {[%clk 1:18:43]} O-O-O
{[%clk 1:28:39]} 13. Qb3 {[%clk 1:11:00]} Nd5 {[%clk 1:22:50]} 14. c4 {[%clk
1:02:28]} Nxe3 {[%clk 1:22:41]} 15. fxe3 {[%clk 1:00:06]} Bd6 {[%clk 1:20:57]}
16. Ne4 {[%clk 0:54:22]} Qf5 {[%clk 1:18:58]} 17. Qc2 {[%clk 0:54:33]} Bc7
{[%clk 1:18:00]} 18. Rf1 {[%clk 0:45:32]} Qg6 {[%clk 1:15:25]} 19. g3 {[%clk
0:44:21]} Nb6 {[%clk 1:12:01]} 20. b3 {[%clk 0:38:22]} Kb8 {[%clk 1:08:59]} 21.
Nh4 {[%clk 0:32:21]} Qh5 {[%clk 1:02:17]} 22. Qf2 {[%clk 0:29:24]} Rhf8 {[%clk
0:59:01]} 23. Nc5 {[%clk 0:26:39]} Nd7 {[%clk 0:55:15]} 24. Ne4 {[%clk
0:23:46]} Qa5 {[%clk 0:53:03]} 25. Qc2 {[%clk 0:22:00]} g5 {[%clk 0:51:59]} 26.
Nf3 {[%clk 0:22:01]} f5 {[%clk 0:51:06]} 27. Nc3 {[%clk 0:22:13]} Nf6 {[%clk
0:50:38]} 28. Nd2 {[%clk 0:18:36]} Ng4 {[%clk 0:49:19]} 29. Qd3 {[%clk
0:15:36]} Nxh2 {[%clk 0:48:50]} 30. Rh1 {[%clk 0:15:45]} Ng4 {[%clk 0:47:39]}
31. Rdf1 {[%clk 0:14:04]} Bxg3 {[%clk 0:46:59]} 32. c5 {[%clk 0:14:14]} Nf2
{[%clk 0:46:04]} 33. Rxf2 Bxf2 {[%clk 0:46:28]} 34. Nc4 {[%clk 0:13:39]} Qxc5
{[%clk 0:44:03]} 35. Qc2 {[%clk 0:11:28]} Rxd4 {[%clk 0:41:41]} 36. exd4 Bxd4
{[%clk 0:41:46]} 37. Na4 {[%clk 0:10:33]} Qd5 {[%clk 0:41:48]} 38. Qh2+ {[%clk
0:09:13]} f4 {[%clk 0:40:47]} 39. Qxh6 {[%clk 0:07:23]} Qf5+ {[%clk 0:39:56]}
40. Kc1 {[%clk 0:07:39]} b5 {[%clk 0:37:42]} 41. Rd1 {[%clk 0:06:36]} Rh8 42.
Qxh8+ {[%clk 0:03:41]} Bxh8 {[%clk 0:37:49]} 43. Rd8+ {[%clk 0:03:57]} Kc7
{[%clk 0:37:15]} 44. Rxh8 {[%clk 0:04:17]} bxc4 {[%clk 0:37:29]} 45. Ra8 {[%clk
0:03:57]} Kb7 {[%clk 0:37:32]} 46. Rd8 {[%clk 0:04:09]} cxb3 {[%clk 0:37:08]}
47. axb3 {[%clk 0:04:30]} f3 {[%clk 0:37:13]} 48. Rd7+ {[%clk 0:04:35]} Kc8
{[%clk 0:37:29]} 49. Rxa7 {[%clk 0:04:48]} f2 {[%clk 0:36:48]} 50. Nb6+ {[%clk
0:04:13]} Kb8 {[%clk 0:37:04]} 0-1

[Event "DVM U20 2019"]
[Site "Braunschweig GER"]
[Date "2019.12.28"]
[Round "3"]
[White "Lutz, Ruben"]
[Black "Melde, Benjamin"]
[Result "1/2-1/2"]
[Termination "normal"]
[Board "8.1"]
[WhiteElo "2132"]
[BlackElo "2120"]
[WhiteClock "00:26:42"]
[BlackClock "00:20:59"]
[WhiteTeam "USV TU Dresden"]
[BlackTeam "Schachklub Turm Kleve 1974 e. V."]
[PlyCount "88"]
[WhiteFideId "12975974"]
[BlackFideId "12958816"]
[EventCountry "GER"]
[EventRounds "7"]
[EventType "team-swiss"]
[EventDate "2019.12.26"]

1. d4 {[%clk 1:30:57]} Nf6 {[%clk 1:30:55]} 2. Bf4 {[%clk 1:31:19]} g6 {[%clk
1:31:19]} 3. e3 {[%clk 1:31:39]} Bg7 {[%clk 1:31:43]} 4. Nf3 {[%clk 1:31:38]}
O-O {[%clk 1:32:07]} 5. Be2 {[%clk 1:31:30]} d6 {[%clk 1:32:29]} 6. h3 {[%clk
1:31:48]} c5 {[%clk 1:32:54]} 7. c3 {[%clk 1:32:02]} b6 {[%clk 1:33:19]} 8.
Nbd2 {[%clk 1:32:01]} Bb7 {[%clk 1:33:43]} 9. O-O {[%clk 1:32:05]} Nbd7 {[%clk
1:34:08]} 10. a4 {[%clk 1:31:56]} a6 {[%clk 1:34:32]} 11. Bh2 {[%clk 1:30:10]}
Ra7 {[%clk 1:34:56]} 12. b4 {[%clk 1:18:36]} Qa8 {[%clk 1:12:27]} 13. Qb3
{[%clk 1:11:58]} Rc8 {[%clk 1:03:45]} 14. Rfc1 {[%clk 0:50:57]} cxb4 {[%clk
1:02:25]} 15. cxb4 {[%clk 0:51:05]} Bd5 {[%clk 1:02:50]} 16. Qb2 {[%clk
0:48:01]} a5 {[%clk 0:50:11]} 17. b5 {[%clk 0:28:47]} Rac7 {[%clk 0:50:02]} 18.
Rxc7 {[%clk 0:28:29]} Rxc7 {[%clk 0:50:30]} 19. Rc1 {[%clk 0:28:18]} Qc8 {[%clk
0:50:55]} 20. Rxc7 {[%clk 0:28:15]} Qxc7 {[%clk 0:51:23]} 21. Bd3 {[%clk
0:28:34]} Bb7 {[%clk 0:39:55]} 22. e4 {[%clk 0:25:36]} Ne8 {[%clk 0:31:32]} 23.
Qc2 {[%clk 0:21:46]} Qxc2 {[%clk 0:10:03]} 24. Bxc2 {[%clk 0:22:11]} e6 {[%clk
0:10:29]} 25. Kf1 {[%clk 0:16:49]} Kf8 {[%clk 0:10:00]} 26. Ke2 {[%clk
0:16:47]} Bh6 {[%clk 0:09:43]} 27. Bg3 {[%clk 0:15:19]} Bg7 {[%clk 0:06:09]}
28. Bf4 {[%clk 0:14:47]} Ke7 {[%clk 0:06:33]} 29. Be3 {[%clk 0:13:35]} h6
{[%clk 0:06:46]} 30. Ne1 {[%clk 0:08:48]} f5 {[%clk 0:05:09]} 31. f3 {[%clk
0:08:04]} Nef6 {[%clk 0:05:31]} 32. g4 {[%clk 0:06:50]} fxe4 {[%clk 0:04:46]}
33. fxe4 {[%clk 0:07:13]} g5 {[%clk 0:04:08]} 34. Kf3 {[%clk 0:04:19]} Nf8
{[%clk 0:01:37]} 35. Nf1 {[%clk 0:03:30]} N6d7 {[%clk 0:01:00]} 36. Ng3 {[%clk
0:02:01]} Ng6 {[%clk 0:01:28]} 37. Nd3 {[%clk 0:00:41]} Nh4+ {[%clk 0:01:38]}
38. Kf2 {[%clk 0:00:41]} Nf6 {[%clk 0:01:35]} 39. Nb2 {[%clk 0:00:48]} d5
{[%clk 0:01:12]} 40. e5 {[%clk 0:00:41]} Nd7 {[%clk 0:00:47]} 41. Nd3 {[%clk
0:26:52]} Kf7 {[%clk 0:28:17]} 42. Ne1 {[%clk 0:26:52]} Bf8 {[%clk 0:28:13]}
43. Nf3 {[%clk 0:26:16]} Nxf3 {[%clk 0:27:52]} 44. Kxf3 {[%clk 0:26:42]} Be7
{[%clk 0:20:59]} *